| 000 | 00757nam a2200241 i 4500 | ||
|---|---|---|---|
| 001 | 36164 | ||
| 003 | BD-RjUL | ||
| 005 | 20211209052438.0 | ||
| 008 | 140617r19601915enk b 001 0 eng | ||
| 035 | _a(BD-RjUL)36261 | ||
| 040 |
_aDLC _cDLC _dBD-RjUL _beng |
||
| 041 | _aeng | ||
| 082 | 0 | 0 |
_a320.50941 _bGOP 1960 |
| 100 | 1 |
_aGooch, G. P. _q(George Peabody), _d1873-1968. _9110065 |
|
| 245 | 1 | 0 |
_aPolitical thought in England : _bBacon to Halifax / _cG. P. Gooch. |
| 260 |
_aLondon : _bOxford University Press, _c1915 [reprint 1960]. |
||
| 300 |
_a202 p. ; _c18 cm. |
||
| 504 | _aIncludes Bibliography and index. | ||
| 650 | 0 |
_aPolitical science _zGreat Britain _xHistory. _9110066 |
|
| 942 |
_2ddc _cBK |
||
| 999 |
_c36164 _d36164 |
||